Bank valuation and value-based management deposit and loan pricing, performance evaluation, and risk management
Guardado en:
| Autor principal: | |
|---|---|
| Formato: | Libro |
| Lenguaje: | inglés |
| Publicado: |
New York
McGraw-Hill
2009
|
| Colección: | Finance & investing
|
| Materias: | |
| Etiquetas: |
Sin Etiquetas, Sea el primero en etiquetar este registro!
|
MARC
| LEADER | 00000nam a2200000 4500 | ||
|---|---|---|---|
| 001 | 0126821 | ||
| 005 | 20240306135535.6 | ||
| 020 | |a 978-0-07-162499-2 | ||
| 041 | 0 | |a eng | |
| 044 | |a US | ||
| 245 | 1 | 0 | |a Bank valuation and value-based management |b deposit and loan pricing, performance evaluation, and risk management |c Jean Dermine |
| 264 | 1 | |a New York |b McGraw-Hill |c 2009 | |
| 300 | |a 442 s. | ||
| 490 | 1 | |a Finance & investing | |
| 830 | 0 | |a Finance & investing | |
| 610 | 2 | 0 | |a banky |
| 610 | 2 | 0 | |a riadenie |
| 610 | 2 | 0 | |a hodnota |
| 610 | 2 | 0 | |a manažment |
| 610 | 2 | 0 | |a aktíva |
| 610 | 2 | 0 | |a pasíva |
| 610 | 2 | 0 | |a pôžičky |
| 610 | 2 | 0 | |a depozitá |
| 610 | 2 | 0 | |a riziko úverové |
| 610 | 2 | 0 | |a modely ekonometrické |
| 610 | 2 | 0 | |a riadenie rizík |
| 610 | 2 | 0 | |a bankovníctvo |
| 100 | 1 | |a Dermine, Jean | |